La educación superior en Nicaragua

Guardat en:
Dades bibliogràfiques
Autor principal: Zepeda López, Raúl Antonio
Autor corporatiu: CSUCA
Format: Text
Publicat: San José: CSUCA
Etiquetes: Afegir etiqueta
Sense etiquetes, Sigues el primer a etiquetar aquest registre!

MARC

LEADER 00000 a a2200000 04500
001 21180
003
040
090 |a 092100  
100 |a Zepeda López, Raúl Antonio  
110 |a CSUCA  
245 |a La educación superior en Nicaragua  
260 |a San José:   |b CSUCA  
300 |a 135 p.; v. 2  
999 |c 14760  |d 14760